|
|
|
|
| LEADER |
00000cam a2200000 7i4500 |
| 001 |
0000005978 |
| 005 |
20151222.0 |
| 008 |
070814 |
| 020 |
|
|
|a 9833025838
|
| 090 |
0 |
0 |
|a JF
|b ENG
|
| 245 |
1 |
0 |
|a Arts, sports and entertainment
|
| 260 |
|
|
|a Selangor :
|b Early Learner Publications ,
|c 2004
|
| 440 |
|
|
|a Children's knowledge series
|
| 500 |
|
|
|a Children ages 10-12 years old (pink)
|
| 650 |
|
0 |
|a Junior fiction
|x English
|x Languages
|
| 650 |
|
0 |
|a Quiz
|
| 999 |
|
|
|a 0000980070
|b Book
|c Children Collection
|e Cawangan Taman Universiti
|
| 999 |
|
|
|a 0000980071
|b Book
|c Children Collection
|e Cawangan Tmn. Ungku Tun Aminah
|
| 999 |
|
|
|a 0000980104
|b Book
|c Children Collection
|e Perbadanan Perpustakaan Awam Johor
|
| 999 |
|
|
|a 0000980105
|b Book
|c Children Collection
|e Perbadanan Perpustakaan Awam Johor
|
| 999 |
|
|
|a 0001041700
|b Book
|c Children Collection
|e Cawangan Batu Pahat
|
| 999 |
|
|
|a 0001139227
|b Book
|c Children Collection
|e Cawangan Bukit Gambir
|
| 999 |
|
|
|a 000980070
|b Book
|c Children Collection
|e Cawangan Taman Universiti
|